Aktuálne ekonomické súvislosti hospodárskeho vývoja v Latinskej Amerike Príloha Hospodárskych novín
Prehľad hlavných makroekonomických ukazovateľov v regióne Latinská Amerika. Vývoj HDP v krajinách Latinskej Ameriky.
Saved in:
| Main Author: | |
|---|---|
| Format: | Book Chapter |
| Language: | Slovak |
| Subjects: | |
| Tags: |
No Tags, Be the first to tag this record!
|
MARC
| LEADER | 00000naa a2200000 4500 | ||
|---|---|---|---|
| 001 | r021826 | ||
| 005 | 20230801105312.8 | ||
| 041 | 0 | |a slo | |
| 044 | |a SK | ||
| 245 | 1 | 0 | |a Aktuálne ekonomické súvislosti hospodárskeho vývoja v Latinskej Amerike |b Príloha Hospodárskych novín |c Ján Artur Oberhauser |
| 520 | |a Prehľad hlavných makroekonomických ukazovateľov v regióne Latinská Amerika. Vývoj HDP v krajinách Latinskej Ameriky. | ||
| 610 | 2 | 0 | |a Latinská Amerika |
| 610 | 2 | 0 | |a 1994-1997 |
| 610 | 2 | 0 | |a situácia hospodárska |
| 610 | 2 | 0 | |a rast hospodársky |
| 610 | 2 | 0 | |a ukazovatele ekonomické |
| 610 | 2 | 0 | |a produkt domáci hrubý |
| 100 | 1 | |a Oberhauser, Ján Artur | |